Normal view
MARC view
- Crowther, Paul
Entry Personal Name
001 - CONTROL NUMBER
- control field: 19598
003 - CONTROL NUMBER IDENTIFIER
- control field: OSt
005 - DATE AND TIME OF LATEST TRANSACTION
- control field: 20170329134231.0
008 - FIXED-LENGTH DATA ELEMENTS
- fixed length control field: 170329|| aca||aabn | a|a d
040 ## - CATALOGING SOURCE
- Original cataloging agency: OSt
100 ## - HEADING--PERSONAL NAME
- Personal name: Crowther, Paul
